[Event "Tackle an Elephant"]
[Site "SchemingMind.com"]
[Date "2015.07.22"]
[Round "-"]
[White "Yos"]
[Black "Glenn O'Brien"]
[Result "1-0"]
[WhiteCountry "INA"]
[BlackCountry "AUS"]
[WhiteElo "2171"]
[WhiteRD "68"]
[BlackElo "2013"]
[BlackRD "68"]
[GameID "383712"]

1. c4 e5 2. Nc3 Nf6 3. Nf3 Nc6 4. e3 Bb4 5. Qc2 O-O 6. Nd5 Re8 7. Bd3 g6 8. O-O Bf8 9. Nxf6+ Qxf6 10. a3 d6
11. Be4 Bf5 12. Bxf5 gxf5 13. b4 e4 14. Bb2 Qe7 15. Nd4 Nxd4 16. Bxd4 Bg7 17. Bxg7 Kxg7 18. f3 Qe6 19. Rf2 Re7 20. Raf1 Rg8
21. fxe4 fxe4 22. Qc3+ Qe5 23. Qc1 Kf8 24. Rf5 Qg7 25. g3 Qg4 26. c5 Rg5 27. R1f4 Qh5 28. Qc3 Qd1+ 29. Kg2 Rg7 30. cxd6 cxd6
31. Qc8+ Re8 32. Qxb7 Qe2+ 33. Rf2 Qc4 34. Qxa7 Rd8 35. a4 Qe6 36. a5 Rd7 37. Qd4 d5 38. b5 h6 39. b6 Rg6 40. Rf6 Rxf6
41. Rxf6 Qg4 42. Rxh6 Qf3+ 43. Kh3 Qf5+ 44. Kh4
1-0